[Event "SC Mülheim 1 - SC Listiger Bauer Essen "]
[Site "Verbandsklasse - Gr. 2 2019/2"]
[Date "2019.11.17"]
[Round "3.6"]
[White "Wisotzky, Klaus"]
[Black "Wagner, Ole"]
[Result "0-1"]
[WhiteElo "1675"]
[BlackElo "1889"]
[Annotator "Daniel"]
[PlyCount "68"]
[EventDate "2019.??.??"]

1. d4 Nf6 2. Nf3 d5 3. g3 c6 4. Bg2 Bf5 5. Nbd2 e6 6. O-O Be7 7. c4 Ne4 8. cxd5
exd5 9. Nxe4 Bxe4 10. Bd2 O-O 11. Bc3 Nd7 12. a3 Bf6 13. Rc1 Re8 14. e3 Qe7 15.
Ne1 Bxg2 16. Nxg2 g6 17. Ne1 Bg7 18. Nf3 f5 19. Nd2 Nf6 20. Qf3 Ne4 21. Nxe4
$11 Qxe4 22. Qxe4 Rxe4 23. Rc2 Rae8 24. Kg2 g5 25. Rd1 Kf7 26. h3 h5 27. Bd2 f4
28. gxf4 gxf4 29. Bc1 fxe3 30. Bxe3 R8e6 31. Rd3 Rg6+ 32. Kh2 Bf8 33. Bc1 Bd6+
34. Kh1 Re1# 0-1

[Event "SC Mülheim 1 - SC Listiger Bauer Essen "]
[Site "Verbandsklasse - Gr. 2 2019/2"]
[Date "2019.11.17"]
[Round "3.7"]
[White "Petri, Norbert"]
[Black "Meyer, Friedel"]
[Result "1-0"]
[WhiteElo "1881"]
[BlackElo "1687"]
[PlyCount "63"]
[EventDate "2019.??.??"]

1. c4 Nf6 2. Nc3 g6 3. g3 Bg7 4. Bg2 Nc6 5. d4 d6 6. Nf3 e6 7. O-O O-O 8. e4 h6
9. h3 Na5 10. Nd2 Nc6 11. d5 exd5 12. cxd5 Ne5 13. Qc2 b6 14. f4 Ned7 15. Re1
Nh5 16. Kh2 Ba6 17. b4 Rc8 18. Bb2 c5 19. b5 Bb7 20. Nc4 Ndf6 21. Rad1 Nh7 22.
e5 dxe5 23. fxe5 Qg5 24. Ne4 Qd8 25. Ned6 Rb8 26. Qf2 f5 27. e6 Qe7 28. Nxb7
Bxb2 29. d6 Qf6 30. Qxb2 f4 31. Qxf6 fxg3+ 32. Kg1 1-0

[Event "SC Mülheim 1 - SC Listiger Bauer Essen "]
[Site "Verbandsklasse - Gr. 2 2019/2"]
[Date "2019.11.17"]
[Round "3.8"]
[White "Lohmar, Hermann"]
[Black "Schettki, Martin"]
[Result "0-1"]
[WhiteElo "1470"]
[BlackElo "1859"]
[PlyCount "84"]
[EventDate "2019.??.??"]

1. Nf3 d5 2. g3 c6 3. Bg2 Nf6 4. O-O g6 5. d4 Bg7 6. Bf4 O-O 7. Nbd2 Nbd7 8.
Re1 c5 9. c3 b6 10. Ne5 Bb7 11. Ndf3 Ne4 12. Nxd7 Qxd7 13. Nd2 cxd4 14. Nxe4
dxe4 15. cxd4 Qxd4 16. Rb1 Qxd1 17. Rexd1 Rfd8 18. b3 Rac8 19. Rdc1 f5 20. Rxc8
Rxc8 21. Rc1 Rxc1+ 22. Bxc1 Bd4 23. e3 Bc3 24. Bf1 Bd5 25. Ba3 Kf7 26. Bc4 Bxc4
27. bxc4 Ke6 28. Kf1 Kd7 29. Ke2 a5 30. f3 Be5 31. f4 Bc3 32. h3 h5 33. Kd1 e5
34. Ke2 Kc6 35. Bf8 exf4 36. gxf4 b5 37. cxb5+ Kxb5 38. Bd6 Kc4 39. h4 Bf6 40.
Be5 Bxe5 41. fxe5 Kd5 42. Kd2 Kxe5 0-1

[Event "DJK Wacker Bergeborbeck 1 - SC Gerthe -"]
[Site "Verbandsklasse - Gr. 3 2019/2"]
[Date "2019.11.17"]
[Round "3.1"]
[White "Quast, Marcel"]
[Black "Landscheidt, Heinz"]
[Result "1-0"]
[WhiteElo "2229"]
[BlackElo "1824"]
[PlyCount "63"]
[EventDate "2019.??.??"]

1. f4 d5 2. Nf3 g6 3. g3 Bg7 4. Bg2 Nd7 5. O-O e5 6. fxe5 Nxe5 7. Nxe5 Bxe5 8.
d4 Bg7 9. c3 Nf6 10. Bg5 h6 11. Bxf6 Bxf6 12. e4 dxe4 13. Bxe4 O-O 14. Nd2 c6
15. Qb3 Kg7 16. Rf2 Qb6 17. Qc2 Be6 18. Raf1 Be7 19. Re1 Bg5 20. Bxg6 c5 21.
Be4 cxd4 22. cxd4 Qxd4 23. Nf3 Qb6 24. Nxg5 hxg5 25. Qc3+ f6 26. Bxb7 Rab8 27.
Bc6 Bxa2 28. Re7+ Kg8 29. Qc2 Bf7 30. Bd5 Kg7 31. Qf5 Rbd8 32. Be4 1-0

[Event "DJK Wacker Bergeborbeck 1 - SC Gerthe -"]
[Site "Verbandsklasse - Gr. 3 2019/2"]
[Date "2019.11.17"]
[Round "3.2"]
[White "Grodotzki, Thomas"]
[Black "Brueggestraß, Volker"]
[Result "0-1"]
[WhiteElo "1955"]
[BlackElo "1994"]
[PlyCount "92"]
[EventDate "2019.??.??"]

1. e4 e5 2. Nf3 Nf6 3. Nxe5 d6 4. Nxf7 Kxf7 5. Nc3 Qe8 6. d4 g6 7. Qf3 Nc6 8.
Bc4+ Kg7 9. Bg5 Be7 10. O-O-O Rf8 11. Bxf6+ Bxf6 12. Qe3 Bd7 13. Nd5 Rc8 14. f4
Bg4 15. Nxf6 Rxf6 16. e5 Rf8 17. Rde1 Na5 18. Bb3 c5 19. dxc5 dxc5 20. e6 c4
21. Qe5+ Rf6 22. Qxa5 cxb3 23. axb3 Qc6 24. c3 Bxe6 25. Re2 Qc7 26. Qb4 a5 27.
Qd4 Qc5 28. Qe4 Qd5 29. Qxd5 Bxd5 30. Rd1 Bc6 31. g3 Kf7 32. Rd4 Re6 33. Kd2
Rce8 34. Rxe6 Rxe6 35. c4 Ke7 36. c5 Bb5 37. Kc3 Re3+ 38. Kc2 Re2+ 39. Rd2 Ke6
40. Rxe2+ Bxe2 41. b4 axb4 42. Kb3 Kd5 43. Kxb4 Ke4 44. Kc3 Ke3 45. b3 h5 46.
Kb4 Kf2 0-1

[Event "DJK Wacker Bergeborbeck 1 - SC Gerthe -"]
[Site "Verbandsklasse - Gr. 3 2019/2"]
[Date "2019.11.17"]
[Round "3.3"]
[White "Gottmann, Bernd"]
[Black "Brandhorst, Dieter"]
[Result "1/2-1/2"]
[WhiteElo "1953"]
[BlackElo "1908"]
[PlyCount "81"]
[EventDate "2019.??.??"]

1. d4 Nf6 2. c4 c5 3. d5 b5 4. Qc2 bxc4 5. e4 d6 6. Bxc4 g6 7. Nc3 Bg7 8. Nf3
Nbd7 9. h3 O-O 10. O-O Nb6 11. Be2 e5 12. a4 a6 13. a5 Nbd7 14. Nd2 Ne8 15. Nc4
f5 16. Bd2 Ra7 17. f3 f4 18. Na4 Ndf6 19. Nab6 Nh5 20. Nxc8 Qxc8 21. Rfc1 Qd8
22. Nb6 Rff7 23. b4 Ng3 24. Bd3 Rfc7 25. b5 c4 26. Bf1 Nxf1 27. Rxf1 axb5 28.
Rab1 c3 29. Be1 Rxa5 30. Bf2 Rb7 31. Qxc3 Ra6 32. Nc4 Qc7 33. Qb3 Qb8 34. Kh1
Bf6 35. Rfc1 Bd8 36. Rc2 Qa8 37. Qb2 b4 38. Qb3 Ra1 39. Rcb2 Rxb1+ 40. Rxb1 Qa6
41. Be1 1/2-1/2

[Event "DJK Wacker Bergeborbeck 1 - SC Gerthe -"]
[Site "Verbandsklasse - Gr. 3 2019/2"]
[Date "2019.11.17"]
[Round "3.4"]
[White "Schaedlich, Andreas"]
[Black "Berens, Thomas"]
[Result "1/2-1/2"]
[WhiteElo "1882"]
[BlackElo "1801"]
[PlyCount "84"]
[EventDate "2019.??.??"]

1. e4 c5 2. Bc4 e6 3. Nc3 d6 4. Nf3 Nf6 5. O-O Be7 6. d3 O-O 7. a3 a6 8. Bg5
Nbd7 9. Qe2 Qc7 10. Rfe1 b5 11. Ba2 Bb7 12. Rac1 Nb6 13. Nd2 d5 14. e5 Ne8 15.
Bf4 Qd8 16. Qg4 Bc8 17. Nf3 f6 18. d4 c4 19. Ne2 f5 20. Qg3 Qc7 21. c3 g6 22.
h4 Ng7 23. Qh2 Ra7 24. Bh6 Rf7 25. Nf4 Qd8 26. Bb1 Kf8 27. Ng5 Bxg5 28. Bxg5
Qc7 29. Re3 Ke8 30. Rce1 Kd7 31. h5 gxh5 32. Nxh5 Kc6 33. Nf6 h5 34. Rg3 Bd7
35. Bh6 Ne8 36. Nxe8 Bxe8 37. Rg8 Ra8 38. Qxh5 Na4 39. Re2 Qd7 40. Qg5 Kb7 41.
f4 Qc7 42. g4 Bd7 1/2-1/2

[Event "DJK Wacker Bergeborbeck 1 - SC Gerthe -"]
[Site "Verbandsklasse - Gr. 3 2019/2"]
[Date "2019.11.17"]
[Round "3.5"]
[White "Kalle, Yannis"]
[Black "Alinsug, Salvadore"]
[Result "1/2-1/2"]
[WhiteElo "1811"]
[BlackElo "1714"]
[PlyCount "66"]
[EventDate "2019.??.??"]

1. e4 c5 2. Nf3 Nc6 3. d4 cxd4 4. Nxd4 e5 5. Nb5 d6 6. c4 a6 7. N5c3 Nf6 8. Be2
Nd4 9. Na3 Nxe2 10. Qxe2 Be7 11. Nc2 O-O 12. O-O Bd7 13. f3 b5 14. cxb5 axb5
15. Nb4 Qa5 16. Ncd5 Nxd5 17. Nxd5 Bd8 18. Be3 Bc6 19. Rfd1 Rb8 20. a3 Bd7 21.
Rac1 Qa8 22. Bd2 Rc8 23. Bb4 Rxc1 24. Rxc1 Qb8 25. Qd3 f5 26. Ne3 fxe4 27. Qd5+
Rf7 28. Bxd6 Qa7 29. Bc5 Bb6 30. Bxb6 Qxb6 31. Qxe4 Qd6 32. Rd1 Qc7 33. Qd5 g6
1/2-1/2

[Event "DJK Wacker Bergeborbeck 1 - SC Gerthe -"]
[Site "Verbandsklasse - Gr. 3 2019/2"]
[Date "2019.11.17"]
[Round "3.6"]
[White "Grimke, Michael"]
[Black "Melmer, Felix"]
[Result "0-1"]
[WhiteElo "1708"]
[BlackElo "1813"]
[PlyCount "78"]
[EventDate "2019.??.??"]

1. d4 d5 2. e4 dxe4 3. Nc3 Nf6 4. f3 Bf5 5. fxe4 Bxe4 6. Nxe4 Nxe4 7. Bd3 Nf6
8. Bg5 Nbd7 9. Nf3 c6 10. O-O h6 11. Bh4 Qb6 12. Rb1 e6 13. Kh1 Bd6 14. Bxf6
Nxf6 15. Ne5 Rd8 16. c4 Qa5 17. Ng4 Nxg4 18. Qxg4 Qg5 19. Qf3 O-O 20. Qe4 g6
21. Rf3 e5 22. Rg3 Qe7 23. dxe5 Qxe5 24. Qh4 Qf4 25. Rg4 Qe3 26. Bc2 Be7 27.
Re4 Bxh4 28. Rxe3 Rd2 29. Bd1 Rfd8 30. Bf3 Rc2 31. Re4 Bf6 32. Re2 Rxe2 33.
Bxe2 Rd2 34. Bf3 Bxb2 35. a4 Rc2 36. g4 Kg7 37. h4 Kf6 38. Be4 Rxc4 39. Bd3
Rc1+ 0-1

[Event "DJK Wacker Bergeborbeck 1 - SC Gerthe -"]
[Site "Verbandsklasse - Gr. 3 2019/2"]
[Date "2019.11.17"]
[Round "3.7"]
[White "Loeffelbein, Klaus"]
[Black "Nikolic, Djuro"]
[Result "1-0"]
[WhiteElo "1823"]
[BlackElo "1710"]
[PlyCount "59"]
[EventDate "2019.??.??"]

1. d4 e6 2. Nf3 b6 3. g3 Bb7 4. Bg2 Nf6 5. O-O Be7 6. c4 O-O 7. Nc3 Ne4 8. Qc2
Nxc3 9. bxc3 f5 10. Rd1 Qe8 11. d5 Na6 12. Bf4 Rc8 13. Nd4 exd5 14. cxd5 Bf6
15. Nxf5 Nc5 16. e4 d6 17. Nd4 Bxd4 18. cxd4 Nd7 19. Bh3 Rxf4 20. gxf4 Qg6+ 21.
Kh1 Bxd5 22. f3 Nf6 23. Bf5 Qh5 24. exd5 Rf8 25. Be6+ Kh8 26. f5 Qxf3+ 27. Qg2
Qf4 28. Rg1 Ne8 29. Qg4 Qh6 30. Qg5 1-0

[Event "DJK Wacker Bergeborbeck 1 - SC Gerthe -"]
[Site "Verbandsklasse - Gr. 3 2019/2"]
[Date "2019.11.17"]
[Round "3.8"]
[White "Fross, Klaus"]
[Black "Meise, Ulrich"]
[Result "1-0"]
[WhiteElo "1598"]
[BlackElo "1820"]
[PlyCount "65"]
[EventDate "2019.??.??"]

1. d4 d5 2. e4 dxe4 3. Nc3 Nf6 4. f3 exf3 5. Nxf3 e6 6. Bd3 Be7 7. O-O O-O 8.
Qe1 c5 9. dxc5 Bxc5+ 10. Kh1 Nbd7 11. Qh4 Re8 12. Bg5 Be7 13. Rad1 Qb6 14.
Bxh7+ Nxh7 15. Bxe7 Qxb2 16. Ne4 f6 17. Bb4 Ne5 18. Nxe5 Qxe5 19. Bc3 Qc7 20.
Rd3 e5 21. Qg3 f5 22. Qg6 Rf8 23. Rh3 Nf6 24. Nxf6+ Rxf6 25. Qh7+ Kf7 26. Rg3
Ke6 27. Re1 Rf7 28. Qg6+ Kd5 29. Rxe5+ Kc4 30. Qg5 f4 31. Rf3 Qc6 32. Bd2 Rd7
33. Rc3+ 1-0

[Event "SG Mengede 1 - SG Höntrop 1"]
[Site "Verbandsklasse - Gr. 3 2019/2"]
[Date "2019.11.17"]
[Round "3.1"]
[White "Oberbarnscheidt, Ludger"]
[Black "Delvos, Thorsten"]
[Result "1/2-1/2"]
[WhiteElo "1968"]
[BlackElo "1991"]
[PlyCount "26"]
[EventDate "2019.??.??"]

1. Nf3 d5 2. b3 c5 3. Bb2 Nc6 4. e3 Nf6 5. d4 cxd4 6. Nxd4 Qc7 7. c4 e5 8. Nxc6
bxc6 9. cxd5 Bb4+ 10. Bc3 Bxc3+ 11. Nxc3 cxd5 12. Rc1 O-O 13. Be2 Bb7 1/2-1/2

[Event "SG Mengede 1 - SG Höntrop 1"]
[Site "Verbandsklasse - Gr. 3 2019/2"]
[Date "2019.11.17"]
[Round "3.2"]
[White "Weinert, Christian"]
[Black "Rostek, Joerg"]
[Result "1-0"]
[WhiteElo "1945"]
[BlackElo "1902"]
[PlyCount "75"]
[EventDate "2019.??.??"]

1. c4 e5 2. Nc3 Nf6 3. Nf3 Nc6 4. g3 d5 5. cxd5 Nxd5 6. Bg2 Nb6 7. d3 Be7 8.
O-O Be6 9. a3 O-O 10. b4 a6 11. Rb1 f6 12. e3 Qd7 13. Qc2 Rad8 14. Rd1 Bg4 15.
Rd2 Kh8 16. Ne1 Be6 17. Ne4 Nd5 18. Nc5 Bxc5 19. Qxc5 b6 20. Qc2 Rc8 21. Bb2
Rfd8 22. Rbd1 Nde7 23. d4 exd4 24. Bxd4 Qe8 25. Be4 f5 26. Bg2 Nxd4 27. Rxd4
Rxd4 28. Rxd4 c5 29. bxc5 bxc5 30. Rd6 Bg8 31. Rxa6 c4 32. Rd6 Qb5 33. a4 Qb4
34. Rd1 Rb8 35. Nf3 Nd5 36. Ne5 Nc3 37. Rc1 Nxa4 38. Nc6 1-0

[Event "SG Mengede 1 - SG Höntrop 1"]
[Site "Verbandsklasse - Gr. 3 2019/2"]
[Date "2019.11.17"]
[Round "3.3"]
[White "Peters, Michael"]
[Black "Bork, Sophie"]
[Result "1/2-1/2"]
[WhiteElo "1965"]
[BlackElo "1888"]
[PlyCount "37"]
[EventDate "2019.??.??"]

1. d4 d5 2. c4 e6 3. Nc3 c5 4. Nf3 Nf6 5. e3 a6 6. b3 cxd4 7. exd4 Bb4 8. Bd2
O-O 9. Be2 Nc6 10. a3 Ba5 11. b4 Bc7 12. b5 Ne7 13. c5 Ng6 14. b6 Bb8 15. O-O
Bd7 16. Bd3 Bc6 17. Re1 Nd7 18. Ng5 h6 19. Bxg6 1/2-1/2

[Event "SG Mengede 1 - SG Höntrop 1"]
[Site "Verbandsklasse - Gr. 3 2019/2"]
[Date "2019.11.17"]
[Round "3.4"]
[White "Ewers, Christian"]
[Black "Barth, Hans-Joachim"]
[Result "1-0"]
[WhiteElo "1781"]
[BlackElo "1678"]
[PlyCount "95"]
[EventDate "2019.??.??"]

1. e4 c5 2. Nc3 e6 3. Nf3 Nc6 4. d3 d6 5. g3 Nf6 6. Bg2 Be7 7. O-O O-O 8. Qe2
d5 9. Nd1 dxe4 10. dxe4 Nd4 11. Nxd4 cxd4 12. f4 Qb6 13. Kh1 Bd7 14. a4 Bc6 15.
g4 h6 16. g5 hxg5 17. fxg5 Nd7 18. Rf3 g6 19. h4 Kg7 20. Nf2 Rh8 21. Rh3 e5 22.
Ng4 Rh7 23. Nh6 f6 24. b3 Rah8 25. Bd2 Qd8 26. Qg4 fxg5 27. hxg5 Nc5 28. Rf1
Rf8 29. Rxf8 Bxf8 30. Rf3 Be7 31. Rf7+ Kh8 32. Rxh7+ Kxh7 33. Nf7 Qf8 34. Nxe5
Kg7 35. b4 Nxe4 36. Bxe4 Qf1+ 37. Kh2 Bd6 38. Bf4 Qf2+ 39. Bg2 Qxc2 40. Nxc6
Bxf4+ 41. Qxf4 bxc6 42. Qc7+ Kh8 43. Qxc6 d3 44. Qf6+ Kh7 45. Qf7+ Kh8 46. Qxg6
Qc7+ 47. Kh3 d2 48. Qh6+ 1-0

[Event "SG Mengede 1 - SG Höntrop 1"]
[Site "Verbandsklasse - Gr. 3 2019/2"]
[Date "2019.11.17"]
[Round "3.5"]
[White "Geistmeier, Frank"]
[Black "Kraus, Reinhard"]
[Result "0-1"]
[WhiteElo "1766"]
[BlackElo "1773"]
[PlyCount "120"]
[EventDate "2019.??.??"]

1. d4 Nf6 2. Nf3 e6 3. Bf4 c5 4. c3 Nc6 5. Ne5 Qb6 6. b3 d5 7. e3 Nd7 8. Nxc6
Qxc6 9. Bd3 c4 10. Bc2 b5 11. O-O a5 12. Re1 Bd6 13. Bxd6 Qxd6 14. e4 O-O 15.
e5 Qe7 16. Nd2 f6 17. Qh5 g6 18. Qh4 Qg7 19. Nf3 h6 20. Qg3 f5 21. Nh4 g5 22.
Nf3 Rf7 23. h4 gxh4 24. Qxh4 Nf8 25. Qh2 Nh7 26. Re3 f4 27. Bxh7+ Kxh7 28. Re2
Bb7 29. Qh3 Rg8 30. Nh4 Qg4 31. Qxg4 Rxg4 32. Nf3 Rfg7 33. Ne1 f3 34. Nxf3
Rxg2+ 35. Kf1 h5 36. Re3 Kh6 37. Ke2 R7g4 38. Rh1 Re4 39. Nd2 Rxe3+ 40. Kxe3
Rg4 41. Kf3 Bc6 42. Nf1 Kg5 43. Ng3 h4 44. Nf1 cxb3 45. axb3 a4 46. bxa4 bxa4
47. Ne3 Rf4+ 48. Kg2 Rf7 49. Rb1 Rb7 50. Rxb7 Bxb7 51. Nc2 Ba6 52. Na3 Kg4 53.
Nc2 Bd3 54. Nb4 a3 55. f3+ Kh5 56. Kh2 Bb1 57. f4 a2 58. Nxa2 Bxa2 59. f5 exf5
60. e6 Kg6 0-1

[Event "SG Mengede 1 - SG Höntrop 1"]
[Site "Verbandsklasse - Gr. 3 2019/2"]
[Date "2019.11.17"]
[Round "3.6"]
[White "Wiktor, Reinhard"]
[Black "Koch, Burkhard"]
[Result "0-1"]
[WhiteElo "1803"]
[BlackElo "1713"]
[PlyCount "108"]
[EventDate "2019.??.??"]

1. d4 Nf6 2. Nf3 d5 3. g3 e6 4. Bg2 Bd6 5. Nbd2 O-O 6. O-O Nbd7 7. c4 c6 8. Qc2
Re8 9. Rd1 Qc7 10. e4 Nxe4 11. Nxe4 dxe4 12. Qxe4 Nf6 13. Qc2 Bd7 14. c5 Bf8
15. Bf4 Qc8 16. Ng5 g6 17. Be5 Bg7 18. Qe2 Qd8 19. Rd3 h6 20. Ne4 Nxe4 21. Qxe4
Qa5 22. a3 Rad8 23. b4 Qa6 24. Bf1 Qa4 25. Rad1 Bc8 26. Bd6 e5 27. dxe5 Bf5 28.
Qe3 Bxd3 29. Rxd3 Qc2 30. Rd2 Qc1 31. f4 g5 32. Rd3 Qxe3+ 33. Rxe3 Bf8 34. Bc4
Bxd6 35. cxd6 Rxd6 36. Kf2 Rd2+ 37. Be2 f6 38. Ke1 Rd4 39. Bh5 Re7 40. e6 f5
41. Bf7+ Kg7 42. Re5 Kf6 43. Ra5 b6 44. fxg5+ hxg5 45. Ra6 Ke5 46. Ke2 Kd6 47.
Ke3 Ke5 48. Ra4 c5 49. Ke2 Kf6 50. Ke3 Rc7 51. Kf3 c4 52. b5 g4+ 53. Ke3 Re4+
54. Kf2 c3 0-1

[Event "SG Mengede 1 - SG Höntrop 1"]
[Site "Verbandsklasse - Gr. 3 2019/2"]
[Date "2019.11.17"]
[Round "3.7"]
[White "Hoffmann, Klaus"]
[Black "Schmidt, Jonas"]
[Result "1/2-1/2"]
[WhiteElo "1589"]
[BlackElo "1685"]
[PlyCount "104"]
[EventDate "2019.??.??"]

1. e4 e5 2. Bc4 Nf6 3. d4 Nc6 4. Nf3 d6 5. dxe5 Nxe5 6. Nxe5 dxe5 7. Bxf7+ Kxf7
8. Qxd8 Bb4+ 9. Qd2 Bxd2+ 10. Nxd2 b6 11. O-O Bb7 12. f3 Ke6 13. Nb3 Rag8 14.
Be3 g5 15. Kf2 h5 16. Nd2 g4 17. Rg1 Rf8 18. Ke2 h4 19. Bg5 gxf3+ 20. gxf3 Nh5
21. Rg4 h3 22. Rag1 Bc6 23. Be3 Be8 24. Rg5 Nf6 25. Nc4 Nd7 26. Bd2 b5 27. Ne3
Bh5 28. R1g3 Nc5 29. Ng4 Nd7 30. Bc3 Bxg4 31. R3xg4 Kd6 32. Kf2 c5 33. b4 c4
34. Kg3 Rh7 35. Rf5 Re8 36. Rgg5 Re6 37. Rh5 Rxh5 38. Rxh5 Rg6+ 39. Kxh3 Rg1
40. Rh6+ Kc7 41. Bd2 Rb1 42. Rg6 Rb2 43. Rg2 Rxc2 44. Be3 Rc3 45. Re2 a6 46.
Kg4 Rd3 47. h4 Kd8 48. h5 Ke8 49. Bg5 Kf7 50. Rf2 Rd1 51. Kf5 c3 52. h6 Rd3
1/2-1/2

[Event "SG Mengede 1 - SG Höntrop 1"]
[Site "Verbandsklasse - Gr. 3 2019/2"]
[Date "2019.11.17"]
[Round "3.8"]
[White "Rahner, Patrick"]
[Black "Hoffmann, Gary"]
[Result "1-0"]
[WhiteElo "1749"]
[BlackElo "1531"]
[PlyCount "41"]
[EventDate "2019.??.??"]

1. e4 e5 2. Nf3 Nc6 3. Bb5 d6 4. O-O Nf6 5. Re1 Bd7 6. c3 a6 7. Ba4 Be7 8. d3
O-O 9. Nbd2 Be6 10. h3 b5 11. Bc2 d5 12. exd5 Qxd5 13. Ng5 Qd6 14. Nxe6 Qxe6
15. d4 Qd6 16. Ne4 Qd7 17. Qf3 exd4 18. cxd4 Nxd4 19. Qd3 Rad8 20. Nxf6+ Bxf6
21. Qxh7# 1-0

[Event "Hervest-Dorstener SK 1 - SV Rot-Weiß-Al"]
[Site "Verbandsklasse - Gr. 3 2019/2"]
[Date "2019.11.17"]
[Round "3.1"]
[White "Praß, Marian"]
[Black "Tig, Achmet"]
[Result "0-1"]
[WhiteElo "2018"]
[BlackElo "1967"]
[PlyCount "80"]
[EventDate "2019.??.??"]

1. Nf3 Nf6 2. g3 d5 3. Bg2 c6 4. O-O Bf5 5. d4 e6 6. c4 Nbd7 7. b3 Be7 8. Bb2
Ne4 9. e3 O-O 10. Qe2 a5 11. Nfd2 Ndf6 12. f3 Nxd2 13. Nxd2 Bg6 14. e4 dxe4 15.
fxe4 a4 16. e5 Nd7 17. h4 h6 18. Be4 Bxe4 19. Qxe4 Qa5 20. Rad1 Bb4 21. Nf3
axb3 22. axb3 Qa2 23. Bc1 Qxb3 24. Bxh6 gxh6 25. Qg4+ Kh8 26. Rb1 Qe3+ 27. Kh1
c5 28. Qf4 Qxf4 29. gxf4 b6 30. d5 Ra3 31. Rbd1 Nb8 32. f5 exf5 33. e6 fxe6 34.
Ne5 Kh7 35. dxe6 Rg8 36. Kh2 Re3 37. Rxf5 Bc3 38. Rf7+ Kh8 39. Nd7 Nxd7 40.
exd7 Be5+ 0-1

[Event "Hervest-Dorstener SK 1 - SV Rot-Weiß-Al"]
[Site "Verbandsklasse - Gr. 3 2019/2"]
[Date "2019.11.17"]
[Round "3.2"]
[White "Hermanowski, Mark"]
[Black "Rohloff, Markus"]
[Result "0-1"]
[WhiteElo "1881"]
[BlackElo "1885"]
[PlyCount "74"]
[EventDate "2019.??.??"]

1. e4 e6 2. f4 d5 3. e5 c5 4. d3 Nc6 5. Nf3 Be7 6. Be2 Nh6 7. O-O O-O 8. Qe1 b5
9. c3 d4 10. Na3 a6 11. Nc2 Bb7 12. cxd4 cxd4 13. Bd2 Rc8 14. Bd1 Nf5 15. Qf2
a5 16. g4 Nh4 17. Rc1 Nb4 18. Bxb4 axb4 19. Be2 Nxf3+ 20. Bxf3 Bxf3 21. Qxf3
Qa5 22. Qb7 Rc7 23. Qf3 Rfc8 24. Rf2 Qxa2 25. f5 Bg5 26. fxe6 fxe6 27. Ra1 Qxb2
28. Ra8 h6 29. Rxc8+ Rxc8 30. Qf7+ Kh8 31. Qxe6 Qc1+ 32. Kg2 Rxc2 33. Qf5 Rxf2+
34. Kxf2 Qe3+ 35. Kg2 Qd2+ 36. Kh3 Qf4 37. Qc8+ Kh7 0-1

[Event "Hervest-Dorstener SK 1 - SV Rot-Weiß-Al"]
[Site "Verbandsklasse - Gr. 3 2019/2"]
[Date "2019.11.17"]
[Round "3.4"]
[White "Vengels, Joachim"]
[Black "Kordonowski, Frank"]
[Result "1/2-1/2"]
[WhiteElo "1969"]
[BlackElo "1959"]
[PlyCount "114"]
[EventDate "2019.??.??"]

1. c4 g6 2. Nc3 Bg7 3. Nf3 e5 4. g3 Ne7 5. Bg2 O-O 6. d4 exd4 7. Nxd4 Nbc6 8.
Nxc6 bxc6 9. Qc2 d5 10. O-O d4 11. Rd1 Be6 12. Ne4 Qc8 13. Bg5 f6 14. Bf4 g5
15. Bd2 Rb8 16. Nc5 Bg4 17. Be1 Rd8 18. Nb3 f5 19. Ba5 Rd6 20. Qd2 f4 21. c5
Rd8 22. f3 Be6 23. gxf4 Bxb3 24. axb3 Nd5 25. fxg5 Ne3 26. Rdb1 Rd5 27. Kh1 Be5
28. Qe1 Bf4 29. Qh4 Nxg2 30. Kxg2 Qf5 31. Kh1 Re8 32. Re1 Rde5 33. Bxc7 Re4 34.
Bxf4 Rxf4 35. Qg3 Rf8 36. g6 h5 37. Rxa7 h4 38. Qg1 Qxc5 39. Rea1 Qe5 40. g7
Re8 41. Qg6 Qxe2 42. Qxc6 Qxf3+ 43. Qxf3 Rxf3 44. Ra8 Rxa8 45. Rxa8+ Kxg7 46.
Rd8 Rd3 47. Kg2 Kf6 48. b4 Ke5 49. b5 Rd2+ 50. Kh3 Rxb2 51. Kxh4 Rxh2+ 52. Kg3
Rb2 53. Kf3 Rxb5 54. Re8+ Kd5 55. Rd8+ Ke5 56. Re8+ Kf5 57. Rf8+ Ke5 1/2-1/2

[Event "Hervest-Dorstener SK 1 - SV Rot-Weiß-Al"]
[Site "Verbandsklasse - Gr. 3 2019/2"]
[Date "2019.11.17"]
[Round "3.5"]
[White "Cavasin, Joerg"]
[Black "Hater, Norbert"]
[Result "1/2-1/2"]
[WhiteElo "1913"]
[BlackElo "1843"]
[PlyCount "73"]
[EventDate "2019.??.??"]

1. c4 g6 2. Nf3 Bg7 3. d4 d6 4. Nc3 Nc6 5. g3 e5 6. dxe5 Nxe5 7. Nxe5 Bxe5 8.
Bg2 Ne7 9. O-O O-O 10. Bh6 Bg7 11. Bxg7 Kxg7 12. Qd4+ Kg8 13. Rfd1 Nc6 14. Qf4
Be6 15. c5 g5 16. Qa4 Qd7 17. cxd6 cxd6 18. Ne4 Qe7 19. Nxd6 Rad8 20. Ne4 Bd5
21. Nf6+ Qxf6 22. Bxd5 Qxb2 23. Rab1 Qxe2 24. Rxb7 Ne7 25. Bb3 Rxd1+ 26. Bxd1
Qe1+ 27. Kg2 Rd8 28. Rd7 Rxd7 29. Qxd7 a5 30. Qd3 Qe5 31. Bc2 Ng6 32. a4 Kg7
33. h3 h6 34. Bb3 Qc7 35. Qd4+ Kf8 36. Qf6 Qb7+ 37. Qf3 1/2-1/2

[Event "Hervest-Dorstener SK 1 - SV Rot-Weiß-Al"]
[Site "Verbandsklasse - Gr. 3 2019/2"]
[Date "2019.11.17"]
[Round "3.6"]
[White "Buesken, Klaus"]
[Black "Metzner, Carsten"]
[Result "1/2-1/2"]
[WhiteElo "1820"]
[BlackElo "1771"]
[PlyCount "49"]
[EventDate "2019.??.??"]

1. Nf3 d5 2. b3 Nf6 3. Bb2 c5 4. e3 Nc6 5. Be2 e6 6. O-O Bd6 7. d4 O-O 8. Nbd2
b6 9. c4 Qc7 10. cxd5 Nxd5 11. Ne4 cxd4 12. Nxd6 Qxd6 13. Nxd4 Bb7 14. Nb5 Qb8
15. Nd4 Rd8 16. Nxc6 Bxc6 17. Qd4 f6 18. Qg4 Bd7 19. Rfd1 e5 20. Qc4 Be6 21.
Bf3 Qb7 22. Rac1 Rac8 23. Rxd5 Rxd5 24. Bxd5 Qxd5 25. Qxd5 1/2-1/2

[Event "Hervest-Dorstener SK 1 - SV Rot-Weiß-Al"]
[Site "Verbandsklasse - Gr. 3 2019/2"]
[Date "2019.11.17"]
[Round "3.7"]
[White "Avgustin, Thomas"]
[Black "Kudsin, Alexander"]
[Result "1-0"]
[WhiteElo "1717"]
[BlackElo "1743"]
[PlyCount "143"]
[EventDate "2019.??.??"]

1. e4 d6 2. d4 Nf6 3. Nf3 Nxe4 4. Bd3 Nf6 5. O-O Bg4 6. Bf4 g6 7. Nbd2 Bg7 8.
c3 O-O 9. Qb3 Qc8 10. d5 e5 11. dxe6 Bxe6 12. Qc2 Nh5 13. Bg5 Nc6 14. Ne4 f5
15. Ng3 Nxg3 16. fxg3 Ne5 17. Rae1 Nxd3 18. Qxd3 h6 19. Bc1 Kh7 20. Nd4 Bd7 21.
Re7 Re8 22. Rfe1 Rxe7 23. Rxe7 c5 24. Qe3 Kg8 25. Rxg7+ Kxg7 26. Qxh6+ Kf7 27.
Qh7+ Kf6 28. Bg5+ Ke5 29. Bf4+ Kd5 30. Qxg6 Qf8 31. Nf3 b5 32. h4 Be8 33. Qg5
Kc6 34. h5 Bf7 35. Qxf5 Bxa2 36. Qg6 Rd8 37. h6 Kc7 38. h7 Qh8 39. Ng5 Rd7 40.
g4 Bd5 41. Qf5 Kc6 42. Kf2 b4 43. Bd2 a5 44. Qd3 c4 45. Qc2 b3 46. Qf5 a4 47.
Be3 a3 48. Bd4 Qxh7 49. Nxh7 Rf7 50. Nf6 Rxf6 51. Bxf6 a2 52. Qc8+ Kb5 53. Qb8+
Kc6 54. Qa7 Be4 55. Ke3 Bxg2 56. g5 Bd5 57. g6 Bg8 58. Kf4 Be6 59. Kg5 Kd5 60.
Bd4 Ke4 61. Kf6 Bd5 62. g7 Kd3 63. Qa5 Bg8 64. Qf5+ Kd2 65. Qf1 Kc2 66. Qa1 Kd3
67. Ke7 d5 68. Kf8 Be6 69. g8=Q Bxg8 70. Kxg8 Kd2 71. Kf7 Kc2 72. Ke6 1-0

[Event "Hervest-Dorstener SK 1 - SV Rot-Weiß-Al"]
[Site "Verbandsklasse - Gr. 3 2019/2"]
[Date "2019.11.17"]
[Round "3.8"]
[White "Schmidt, Christian"]
[Black "Drawe, Thomas"]
[Result "0-1"]
[WhiteElo "1636"]
[BlackElo "1836"]
[PlyCount "52"]
[EventDate "2019.??.??"]

1. Nf3 d6 2. c4 g6 3. b3 Bg7 4. Nc3 Nf6 5. g3 O-O 6. Bb2 e5 7. d3 c6 8. Bg2
Nbd7 9. O-O a5 10. a3 Re8 11. Qc2 Qc7 12. Ng5 d5 13. cxd5 cxd5 14. Rac1 h6 15.
Nf3 Ra6 16. Nxd5 Nxd5 17. Qxc7 Nxc7 18. Rxc7 e4 19. Nd4 exd3 20. Bxb7 Bxb7 21.
Rxb7 Nc5 22. Rb5 Bxd4 23. exd3 Bxb2 24. Rxc5 Bxa3 25. Rc7 Rd6 26. Rd1 Red8 0-1

[Event "SV Bönen 1 - SV Unser Fritz 1"]
[Site "Verbandsklasse - Gr. 3 2019/2"]
[Date "2019.11.17"]
[Round "3.1"]
[White "Müller, Martin"]
[Black "Schlottmann, Fabian"]
[Result "0-1"]
[WhiteElo "2014"]
[BlackElo "2300"]
[PlyCount "48"]
[EventDate "2019.??.??"]

1. e4 e6 2. d4 d5 3. Nc3 Nf6 4. e5 Nfd7 5. f4 c5 6. Nf3 Nc6 7. Be3 Qb6 8. Qd2
Be7 9. O-O-O c4 10. f5 Qa5 11. Ng5 exf5 12. e6 Nb6 13. exf7+ Kf8 14. Qe2 h6 15.
Qh5 Na4 16. Nxa4 Qxa4 17. c3 Qxa2 18. Be2 a5 19. Kc2 a4 20. Rb1 a3 21. Bd1 Ra6
22. Nf3 Rb6 23. Bc1 Bd7 24. Ne5 Nxe5 0-1